San Juan de Ulúa : biografía de un presidio /

Guardado en:
Detalles Bibliográficos
Autor principal: Cruz, Francisco Santiago (autor)
Formato: Libro
Idioma:Español
Publicado: México : Jus, 1966, c1966
Etiquetas: Agrega una etiqueta
Sin etiquetas, Sé el primero en etiquetar este registro!

MARC

LEADER 00000nam^a2200000^a^4500
001 000627656
005 20260220000000.0
009 20260310134058.455
037 |a Acervo ITESO - Biblioteca 
041 |a ESP 
091 |a FOB. 04103 
100 |a Cruz, Francisco Santiago  |e (autor) 
245 1 0 |a San Juan de Ulúa :  |b biografía de un presidio / 
264 4 |a México :  |b Jus,  |c 1966, c1966 
300 |a 142 p. 
336 |a texto  |b txt  |2 rdacontenido 
337 |a sin mediación  |b n  |2 rdamedio 
338 |a volumen  |b nc  |2 rdasoporte 
649 |a XX 
910 |a Fondo Carlos de Obeso Orendain 
920 |a Impresos - Libros 
930 |a Fondos Especiales 
905 |a 147 
901 |a 627656-10  |b IT2  |c ESP  |i D  |u 20260211 
902 |a https://opac.biblio.iteso.mx/vufind/Record/000627656